[Event "CADAP MLP-01/2003 email"]
[Site "CADAP email"]
[Date "2003.10.23"]
[Round "?"]
[White "Pina, Jose Manuel"]
[Black "Hoyos Millan, Luis Bernardo"]
[Result "0-1"]
[WhiteElo "2000"]
[BlackElo "2135"]
[PlyCount "82"]
[EventDate "2005.??.??"]
[EventType "tourn (corr)"]
[EventRounds "14"]
[EventCountry "ARG"]
[SourceTitle "Corr 2008"]
[Source "ChessBase"]
[SourceDate "2008.06.24"]
[SourceVersion "1"]
[SourceVersionDate "2008.06.24"]
[SourceQuality "1"]

1. e4 c5 2. Nf3 e6 3. d4 cxd4 4. Nxd4 Nf6 5. Nc3 d6 6. Bg5 Be7 7. Qd2 a6 8. 0-0-0 b5 9. Bd3 Bb7 10. Rhe1 Nbd7 11. f4 b4 12. Nb1 Qb6 13. Nf3 Nc5 14. e5 Nfe4 15. Bxe4 Nxe4 16. Rxe4 Bxe4 17. exd6 Bxf3 18. gxf3 Bxg5 19. fxg5 0-0 20. Qd4 Rab8 21. a3 a5 22. c4 Qc6 23. Rd3 Rfd8 24. Nd2 bxa3 25. bxa3 Rb5 26. Qh4 Rd7 27. Qe4 Rb6 28. Qxc6 Rxc6 29. Ne4 Rxc4+ 30. Kd2 Kf8 31. h4 h6 32. Ke3 Rc6 33. Rb3 f5 34. gxf6 gxf6 35. Nxf6 Rdxd6 36. Ng4 Rb6 37. Rc3 a4 38. Rc8+ Ke7 39. Nxh6 Rb3+ 40. Ke4 Rdd3 41. Ng4 Rdc3 0-1

[Event "CADAP MLP-01/2003 email"]
[Site "CADAP email"]
[Date "2003.10.07"]
[Round "?"]
[White "Hoyos Millan, Luis Bernardo"]
[Black "Eman, Juan"]
[Result "1-0"]
[WhiteElo "2135"]
[BlackElo "2000"]
[PlyCount "45"]
[EventDate "2005.??.??"]
[EventType "tourn (corr)"]
[EventRounds "14"]
[EventCountry "ARG"]
[SourceTitle "Corr 2008"]
[Source "ChessBase"]
[SourceDate "2008.06.24"]
[SourceVersion "1"]
[SourceVersionDate "2008.06.24"]
[SourceQuality "1"]

1. e4 g6 2. d4 Bg7 3. Nf3 c6 4. h3 d6 5. a4 Nf6 6. Nc3 0-0 7. Be2 d5 8. e5 Ne8 9. h4 Bg4 10. h5 Bxh5 11. Ng5 Bxe2 12. Qxe2 h6 13. Nf3 Nc7 14. Bxh6 Bxh6 15. Rxh6 Kg7 16. Rh1 Rh8 17. 0-0-0 Qc8 18. Nh4 Nba6 19. f4 e6 20. Rh2 Qd7 21. Rdh1 c5 22. g4 cxd4 23. f5 1-0

[Event "CADAP MLP-01/2003 email"]
[Site "CADAP email"]
[Date "2003.08.30"]
[Round "?"]
[White "Lopez Martin, Hector Eduardo"]
[Black "Hoyos Millan, Luis Bernardo"]
[Result "0-1"]
[WhiteElo "1787"]
[BlackElo "2135"]
[PlyCount "46"]
[EventDate "2005.??.??"]
[EventType "tourn (corr)"]
[EventRounds "14"]
[EventCountry "ARG"]
[SourceTitle "Corr 2008"]
[Source "ChessBase"]
[SourceDate "2008.06.24"]
[SourceVersion "1"]
[SourceVersionDate "2008.06.24"]
[SourceQuality "1"]

1. e4 c5 2. Nf3 e6 3. d4 cxd4 4. Nxd4 Nf6 5. Nc3 d6 6. Bd3 Nc6 7. Bb5 Bd7 8. 0-0 Be7 9. f4 0-0 10. h3 Nxd4 11. Bxd7 Nxc2 12. Qxc2 Qxd7 13. Rd1 Qc6 14. g4 d5 15. e5 Bc5+ 16. Kh2 Ne4 17. Bd2 Rac8 18. Rac1 Qa6 19. Kg2 Nxc3 20. bxc3 Qe2+ 21. Kh1 Qf3+ 22. Kh2 Qf2+ 23. Kh1 Qg3 0-1

[Event "CADAP MLP-01/2003 email"]
[Site "CADAP email"]
[Date "2003.08.13"]
[Round "?"]
[White "Pena Gomez, Enrique Duvan"]
[Black "Hoyos Millan, Luis Bernardo"]
[Result "0-1"]
[WhiteElo "2250"]
[BlackElo "2135"]
[PlyCount "50"]
[EventDate "2005.??.??"]
[EventType "tourn (corr)"]
[EventRounds "14"]
[EventCountry "ARG"]
[SourceTitle "Corr 2008"]
[Source "ChessBase"]
[SourceDate "2008.06.24"]
[SourceVersion "1"]
[SourceVersionDate "2008.06.24"]
[SourceQuality "1"]

1. e4 c5 2. c3 Nf6 3. e5 Nd5 4. Nf3 e6 5. d4 cxd4 6. Qxd4 Nc6 7. Qe4 d6 8. Nbd2 dxe5 9. Nxe5 Bd6 10. Bb5 0-0 11. Nxc6 bxc6 12. Bxc6 Rb8 13. Qa4 Qc7 14. Nc4 Nb4 15. Nxd6 Nd3+ 16. Kf1 Qxd6 17. Be3 Nxb2 18. Qe4 f5 19. Bf4 Qc5 20. Qe3 Qxc6 21. Bxb8 Bb7 22. Qg3 Nd3 23. Bxa7 Qxc3 24. Rd1 Qc2 25. Rxd3 Ba6 0-1

[Event "Cali op-A"]
[Site "Cali"]
[Date "2002.12.22"]
[Round "8"]
[White "Hoyos Millan, Luis Bernardo"]
[Black "Beltran, Carlos Armando"]
[Result "0-1"]
[WhiteElo "2135"]
[BlackElo "2297"]
[PlyCount "78"]
[EventDate "2002.11.19"]
[EventType "swiss"]
[EventRounds "8"]
[EventCountry "COL"]
[SourceTitle "EXT 2004"]
[Source "ChessBase"]
[SourceDate "2003.11.25"]
[SourceVersion "1"]
[SourceVersionDate "2003.11.25"]
[SourceQuality "1"]

1. e4 e6 2. d4 c5 3. Nf3 Nf6 4. Nc3 d5 5. exd5 Nxd5 6. Nxd5 Qxd5 7. Be2 cxd4 8. Qxd4 Qxd4 9. Nxd4 Bd7 10. Nb5 Bxb5 11. Bxb5+ Nc6 12. Be3 a6 13. Bxc6+ bxc6 14. 0-0-0 Rd8 15. Bb6 Rb8 16. Bd4 h5 17. Rd3 f6 18. Re1 Kf7 19. Bc3 Be7 20. Rde3 e5 21. Rd3 Ke6 22. Red1 Rhd8 23. Rxd8 Rxd8 24. Rxd8 Bxd8 25. f3 g5 26. g4 hxg4 27. fxg4 Kd5 28. Kd2 Ke4 29. h3 Kf3 30. Bb4 Kg2 31. Ke3 Kxh3 32. Kf3 e4+ 33. Kxe4 Kxg4 34. Bc5 f5+ 35. Ke3 Kg3 36. c4 Kg2 37. b4 f4+ 38. Ke4 f3 39. a4 Be7 0-1

[Event "Cali op-A"]
[Site "Cali"]
[Date "2002.11.20"]
[Round "3"]
[White "Ruiz Aguilar, Pablo Alexander"]
[Black "Hoyos Millan, Luis Bernardo"]
[Result "1-0"]
[WhiteElo "2245"]
[BlackElo "2135"]
[PlyCount "49"]
[EventDate "2002.11.19"]
[EventType "swiss"]
[EventRounds "8"]
[EventCountry "COL"]
[SourceTitle "EXT 2004"]
[Source "ChessBase"]
[SourceDate "2003.11.25"]
[SourceVersion "1"]
[SourceVersionDate "2003.11.25"]
[SourceQuality "1"]

1. e4 c5 2. Nf3 e6 3. d4 cxd4 4. Nxd4 Nf6 5. Bd3 Nc6 6. Nxc6 bxc6 7. 0-0 e5 8. c4 d6 9. Kh1 Be7 10. Nc3 0-0 11. f4 exf4 12. Bxf4 Be6 13. e5 dxe5 14. Bxe5 Qa5 15. Qe1 Ng4 16. Nd5 Qd8 17. Nxe7+ Qxe7 18. Bf4 Rad8 19. Rd1 Rfe8 20. h3 g5 21. Bc1 Qc7 22. hxg4 Bxg4 23. Qd2 Bxd1 24. Qxg5+ Kh8 25. Qf6+ 1-0